| 000 | 00619cam a2200217 4500500 | ||
|---|---|---|---|
| 005 | 20260405003906.0 | ||
| 041 | _afre | ||
| 042 | _adc | ||
| 100 | 1 | 0 |
_aEnjalbert, Cédric _eauthor |
| 245 | 0 | 0 | _a“Figures du fou”, au Louvre : folie fameuse |
| 260 | _c2024. | ||
| 500 | _a17 | ||
| 690 | _aBosch | ||
| 690 | _aDürer | ||
| 690 | _aÉrasme | ||
| 690 | _aFolie | ||
| 690 | _aLouvre | ||
| 690 | _aMusée | ||
| 786 | 0 | _nPhilosophie magazine | 185 | 12 | 2024-12-01 | p. 63-64 | 1951-1787 | |
| 856 | 4 | 1 | _uhttps://shs.cairn.info/magazine-philosophie-magazine-2024-12-page-63?lang=fr&redirect-ssocas=7080 |
| 999 |
_c2071832 _d2071832 |
||